<?xml version="1.0" encoding="UTF-8"?>
<record
    xmlns:xsi="http://www.w3.org/2001/XMLSchema-instance"
    xsi:schemaLocation="http://www.loc.gov/MARC21/slim http://www.loc.gov/standards/marcxml/schema/MARC21slim.xsd"
    xmlns="http://www.loc.gov/MARC21/slim">

  <leader>02121nam a2200493 a 4500</leader>
  <datafield tag="999" ind1=" " ind2=" ">
    <subfield code="c">357824</subfield>
    <subfield code="d">357824</subfield>
  </datafield>
  <controlfield tag="001">000000425482</controlfield>
  <controlfield tag="003">IT-MiSPE</controlfield>
  <controlfield tag="005">20180505150735.0</controlfield>
  <controlfield tag="008">160923s2016    it            001 u ita d</controlfield>
  <datafield tag="020" ind1=" " ind2=" ">
    <subfield code="a">9788870948950</subfield>
  </datafield>
  <datafield tag="040" ind1=" " ind2=" ">
    <subfield code="a">IT-MiSPE</subfield>
    <subfield code="b">ita</subfield>
    <subfield code="d">clb</subfield>
    <subfield code="c">IT-MiSPE</subfield>
  </datafield>
  <datafield tag="041" ind1="1" ind2=" ">
    <subfield code="a">ita</subfield>
    <subfield code="a">grc</subfield>
  </datafield>
  <datafield tag="082" ind1=" " ind2=" ">
    <subfield code="a">270.008-SCh.it DIA fo (23116)</subfield>
  </datafield>
  <datafield tag="100" ind1="0" ind2=" ">
    <subfield code="a">Diadochus Photicensis,</subfield>
    <subfield code="d">sec. V.</subfield>
    <subfield code="9">56970</subfield>
  </datafield>
  <datafield tag="245" ind1="1" ind2="0">
    <subfield code="a">Opere spirituali /</subfield>
    <subfield code="c">Diadoco di Foticea ; introduzione, testo critico e note Edouard des Places ; traduzione italiana e aggiornamento Maria Benedetta Artioli.</subfield>
  </datafield>
  <datafield tag="260" ind1=" " ind2=" ">
    <subfield code="a">Bologna :</subfield>
    <subfield code="b">Edizioni San Clemente :</subfield>
    <subfield code="b">Edizioni Studio domenicano,</subfield>
    <subfield code="c">2016.</subfield>
  </datafield>
  <datafield tag="300" ind1=" " ind2=" ">
    <subfield code="a">334 p. ;</subfield>
    <subfield code="c">20 cm</subfield>
  </datafield>
  <datafield tag="490" ind1="1" ind2=" ">
    <subfield code="a">Sources chr&#xE9;tiennes.</subfield>
    <subfield code="a">Edizione italiana ;</subfield>
    <subfield code="v">015</subfield>
  </datafield>
  <datafield tag="500" ind1=" " ind2=" ">
    <subfield code="a">Contiene le seguenti opere, l'ultima delle quali &#xE8; attribuita allo pseudo-autore: Cento capitoli gnostici, Sermone per l'Ascensione del Signore, Visione, Catechesi</subfield>
  </datafield>
  <datafield tag="504" ind1=" " ind2=" ">
    <subfield code="a">Bibliografia: p. 313-322</subfield>
  </datafield>
  <datafield tag="546" ind1=" " ind2=" ">
    <subfield code="a">Traduzione italiana con testo greco a fronte</subfield>
  </datafield>
  <datafield tag="655" ind1=" " ind2="7">
    <subfield code="a">Patrologia greca</subfield>
    <subfield code="x">Secolo V e seguenti: altri.</subfield>
    <subfield code="2">local</subfield>
    <subfield code="9">56971</subfield>
  </datafield>
  <datafield tag="700" ind1="0" ind2=" ">
    <subfield code="a">Diadochus Photicensis,</subfield>
    <subfield code="d">sec. V</subfield>
    <subfield code="k">Opere spurie e dubbie.</subfield>
    <subfield code="9">56972</subfield>
  </datafield>
  <datafield tag="700" ind1="1" ind2=" ">
    <subfield code="a">Des Places, &#xC9;douard,</subfield>
    <subfield code="c">s.j.,</subfield>
    <subfield code="d">1900-2000,</subfield>
    <subfield code="e">ed.</subfield>
    <subfield code="9">56973</subfield>
  </datafield>
  <datafield tag="700" ind1="1" ind2=" ">
    <subfield code="a">Artioli, Maria Benedetta,</subfield>
    <subfield code="e">tr.</subfield>
    <subfield code="9">56974</subfield>
  </datafield>
  <datafield tag="730" ind1="0" ind2="2">
    <subfield code="a">Capita centum de perfectione spirituali.</subfield>
    <subfield code="l">Greco e italiano.</subfield>
    <subfield code="9">56975</subfield>
  </datafield>
  <datafield tag="730" ind1="0" ind2="2">
    <subfield code="a">Sermo de Ascensione Domini nostri Jesu Christi.</subfield>
    <subfield code="l">Greco e italiano.</subfield>
    <subfield code="9">56976</subfield>
  </datafield>
  <datafield tag="730" ind1="0" ind2="2">
    <subfield code="a">Visio.</subfield>
    <subfield code="l">Greco e italiano.</subfield>
    <subfield code="9">56977</subfield>
  </datafield>
  <datafield tag="730" ind1="0" ind2="2">
    <subfield code="a">Catechesis.</subfield>
    <subfield code="l">Greco e italiano.</subfield>
    <subfield code="9">56978</subfield>
  </datafield>
  <datafield tag="740" ind1="0" ind2="2">
    <subfield code="a">Cento capitoli gnostici.</subfield>
  </datafield>
  <datafield tag="740" ind1="0" ind2="2">
    <subfield code="a">Sermone per l'Ascensione del Signore.</subfield>
  </datafield>
  <datafield tag="740" ind1="0" ind2="2">
    <subfield code="a">Visione.</subfield>
  </datafield>
  <datafield tag="740" ind1="0" ind2="2">
    <subfield code="a">Catechesi.</subfield>
  </datafield>
  <datafield tag="830" ind1=" " ind2="0">
    <subfield code="a">Sources chr&#xE9;tiennes.</subfield>
    <subfield code="p">Edizione italiana ;</subfield>
    <subfield code="v">015.</subfield>
    <subfield code="9">56979</subfield>
  </datafield>
  <datafield tag="942" ind1=" " ind2=" ">
    <subfield code="2">ddc</subfield>
    <subfield code="c">BK</subfield>
  </datafield>
  <datafield tag="990" ind1="1" ind2="0">
    <subfield code="a">90001a</subfield>
    <subfield code="b">70001adk</subfield>
  </datafield>
  <datafield tag="990" ind1="1" ind2="0">
    <subfield code="a">90002a</subfield>
    <subfield code="b">70002acde</subfield>
  </datafield>
  <datafield tag="990" ind1="1" ind2="0">
    <subfield code="a">90003a</subfield>
    <subfield code="b">10001ad</subfield>
  </datafield>
  <datafield tag="952" ind1=" " ind2=" ">
    <subfield code="0">0</subfield>
    <subfield code="1">0</subfield>
    <subfield code="2">ddc</subfield>
    <subfield code="4">0</subfield>
    <subfield code="6">270_000000000000000_008SCH_IT_DIA_FO_23116</subfield>
    <subfield code="7">1</subfield>
    <subfield code="a">CINISELLO</subfield>
    <subfield code="b">CINISELLO</subfield>
    <subfield code="d">2018-05-05</subfield>
    <subfield code="l">0</subfield>
    <subfield code="o">270.008-SCh.it DIA fo (23116)</subfield>
    <subfield code="p">9788870948950</subfield>
    <subfield code="r">2018-05-05 00:00:00</subfield>
    <subfield code="w">2018-05-05</subfield>
    <subfield code="y">BK</subfield>
  </datafield>
</record>
